header

Prealgebra / (Record no. 250699)

MARC details
000 -LEADER
fixed length control field 00942cam a2200265 a 4500
001 - CONTROL NUMBER
control field 11942124
003 - CONTROL NUMBER IDENTIFIER
control field OSt
005 - DATE AND TIME OF LATEST TRANSACTION
control field 20151015093912.0
008 - FIXED-LENGTH DATA ELEMENTS--GENERAL INFORMATION
fixed length control field 000315s2001 njua 001 0 eng
010 ## - LIBRARY OF CONGRESS CONTROL NUMBER
LC control number 00035951
020 ## - INTERNATIONAL STANDARD BOOK NUMBER
International Standard Book Number 0130260371 (alk. paper)
040 ## - CATALOGING SOURCE
Original cataloging agency DLC
Transcribing agency DLC
Modifying agency DLC
050 00 - LIBRARY OF CONGRESS CALL NUMBER
Classification number QA107
Item number .M293 2001
082 00 - DEWEY DECIMAL CLASSIFICATION NUMBER
Classification number 513/.1
Edition number 21
100 1# - MAIN ENTRY--PERSONAL NAME
Personal name Martin-Gay, K. Elayn,
Dates associated with a name 1955-
245 10 - TITLE STATEMENT
Title Prealgebra /
Statement of responsibility, etc K. Elayn Martin-Gay.
250 ## - EDITION STATEMENT
Edition statement 3rd ed.
260 ## - PUBLICATION, DISTRIBUTION, ETC. (IMPRINT)
Place of publication, distribution, etc Upper Saddle River, N.J. :
Name of publisher, distributor, etc Prentice Hall,
Date of publication, distribution, etc c2001.
300 ## - PHYSICAL DESCRIPTION
Extent xxviii, 821, 77, 8 p. :
Other physical details ill. (some col.) ;
Dimensions 28 cm.
500 ## - GENERAL NOTE
General note Includes index.
650 #0 - SUBJECT ADDED ENTRY--TOPICAL TERM
Topical term or geographic name as entry element Arithmetic.
906 ## - LOCAL DATA ELEMENT F, LDF (RLIN)
a 7
b cbc
c orignew
d 1
e ocip
f 20
g y-gencatlg
942 ## - ADDED ENTRY ELEMENTS (KOHA)
Source of classification or shelving scheme Library of Congress Classification
Koha item type Long Loan Books
Holdings
Withdrawn status Lost status Source of classification or shelving scheme Damaged status Not for loan Collection code Home library Current library Shelving location Date acquired Total Checkouts Full call number Barcode Date last seen Price effective from Koha item type
    Library of Congress Classification     Non-fiction Rongo University Library Rongo University Library General Stacks 15/10/2015   QA107 .M293 2001 20155016 15/10/2015 15/10/2015 Long Loan Books

© 2026 Rongo University
Contact us: librarian | system librarian | Rongo university